00856 a2200133 4500003000500000005001700005040000900022082001400031100002300045245005100068260004000119300001600159505054700175Nust20221205100252.0 cNust a150.9,BEN aBenjafield .John.G aA history of Psychology / cJohn G. Benjafield aIslamabadbNational Book Foundation axiv,390 p.; aTouchstones: The Origins of Psychology Thoughts (Page-1), Touchstones From Descartes to Darwin (Page-23), Nineteenth Century Pioneers Overview (Page-49), Wundt and His Contemporaries (Page-69), William James (1842-1910) (Page-83), Freud and Jung(Page-95), Structure (Page-121), Behaviorism (Page-147), Gestalts Psychology (Page-171), Research Methods (Page-195), Theories of Learning (Page-209), The Development Points of View (Page-235), Humanistic Psychology (Page-265), Cognitive Psychology (Page-289), The Future of Psychology (Page-315).